| 000 | 03355cam a22004934i 4500 | ||
|---|---|---|---|
| 003 | PE-LiUPU | ||
| 005 | 20250731173053.0 | ||
| 008 | 180308s2007 ne 0 r0 001 0 eng d | ||
| 020 | _a9789004161726 | ||
| 035 | _a(Sirsi) a241470 | ||
| 040 |
_aPE-LiUPU _bspa _cPE-LiUPU _erda |
||
| 049 | _aPRUA | ||
| 082 | 0 | 4 |
_a270.0 _bP7 _223 |
| 245 | 0 | 0 |
_aPolitics and reformations : _bhistories and reformations : essays in honor of Thomas A. Brady, Jr. / _cChristopher Ocker. |
| 264 | 1 |
_aLeiden : _bBrill, _c2007. |
|
| 300 |
_aXXI, 471 páginas ; _c25 centímetros. |
||
| 336 |
_atext _2rdacontent |
||
| 337 |
_aunmediated _2rdamedia |
||
| 338 |
_avolume _2rdacarrier |
||
| 490 | 0 |
_aStudies in medieval and Reformation traditions ; _v127 |
|
| 504 | _aIndice : páginas 461-471. | ||
| 505 | 0 | _aTempests and Stürme in Reformation studies : some scholarly and personal observations -- The Reformation in post-war historiography : an American contribution -- Ranke, Lamprecht, and Luther -- The Reformation and the early social sciences (Marx, Weber, Durkheim, Freud) : toward a cultural epidemiology -- Ranke meets Gadamer : the question of agency in the Reformation -- Historians without borders? : l'histoire croisée and early modern social history -- Recent studies of the Roman Inquisition -- Hermann Conring and the European history of law -- The Reformation of the Enlightenment : German histories in the eighteenth century -- Historical writing and German identity : Jacob Wimpheling and Sebastian Franck -- Perfecting the past : Charles the Bold and traditional historiography in early modern Germany -- The personal is political : convents in the Holy Roman Empire -- Guerre et paix dans les écrits de Zwingli et de Luther : une comparaison -- Luther and Müntzer see Mary's Magnificat through different spectacles -- Beyond the Freedom of the will : Erasmus' struggle for grace -- Tolerance and heresy : Martin Bucer's radical new definition of Christian fellowship -- Landgrave Philipp's dilemma : the roots of tolerance and the desire for Protestant unity -- Calvin in Germany -- Confessionalization in early modern Germany : a Jewish perspective -- Catholic intensity in post-Reformation Germany : preaching on the passion and Catholic identity in the sixteenth and seventeenth centuries -- Pietism, ministry, and church discipline : the tribulations of Christoph Matthäus Seidel -- Religious wars at home : the problem of confessionally mixed families -- Trouble with miracles : an episode in the culture and politics of wonder in colonial Mexico. | |
| 526 | _aSEG42 | ||
| 526 | _aSEG41 | ||
| 526 | _aSEG40 | ||
| 526 | _aSEG39 | ||
| 526 | _aP94 | ||
| 526 | _aP87 | ||
| 526 | _aP86 | ||
| 526 | _aP85 | ||
| 526 | _aP77 | ||
| 526 | _aP76 | ||
| 526 | _aP35 | ||
| 650 | 0 | 4 | _aChurch history. |
| 650 | 0 | 4 |
_aHistoria de la iglesia. _9469 |
| 700 | 1 |
_aOcker, Christopher, _eeditor. |
|
| 700 | 1 |
_aBrady, Thomas A., _eeditor. |
|
| 910 |
_adbm _bksl _cksl _d20180308 |
||
| 942 |
_2ddc _cBOOK |
||
| 994 |
_aC0 _bPEPRU |
||
| 596 | _a1 | ||
| 999 |
_a270.0 P7 _wLC _c27097 _i78465 _d27097 _e2018-3-12 _f2021-11-11 _g3 _lCCODEBUL1 _mBUL _n1 _p38.00 _q1 _r0 _sY _tBOOK _u2018-3-8 _xTEOLOGIA _PP35 _0DONACION _1FCOMPRA _o.STAFF. Colección Teología |
||
| 980 |
_81 _gALBERTO SANCHEZ Responsable de Automatización |
||